Responses for Show #2009 - Thursday, May 6, 1993

1993 College Championship quarterfinal game 4.

Contestants

[<< previous game]

Phoebe Juel, a junior from Grinnell College

Andi Bloom, a freshman from Illinois State University

Patrick Archdeacon, a senior from Columbia University

[next game >>]

Jeopardy! Round responses

WORLD HISTORY
CELEBRITY ASTROLOGY
TEXTBOOK TALK
HORSES
MEMORIALS & MONUMENTS
NUMBER, PLEASE
    $100 6
Genghis Khan

Phoebe
    $100 1
(Patrick: Uh, what is Scorpio?)

cancer

PatrickAndi
    $100 2
table of contents

Andi
    $100 4
gallop

Andi
    $100 23
American Revolution

Patrick
    $100 18
16

Andi
    $200 7
Nagasaki

Andi
    $200 8
David Letterman

Phoebe
    $200 3
footnotes

Phoebe
    $200 5
bronco

Phoebe
    $200 24
Statue of Liberty

Patrick
    $200 19
17th

Patrick
    $300 9
Russia

Phoebe
    $300 11
Bruce Willis

Andi
    $300 14
glossary

Phoebe
    $300 16
(Patrick: What is a mane?)

head (face)

PatrickPhoebe
    $300 28
Fort McHenry

Phoebe
    $300 20
15

Andi
    $400 10
Galileo

Andi
    $400 12
(Patrick: Uh, who is...?)

Paula Abdul

PatrickAndi
    $400 25
bibliography

Phoebe
    $400 17
English

Andi
    $400 29
Mount Rushmore

Patrick
    $400 21
19

Andi
    $500 15
(Andi: Uh, what is Norway?)

Orange

Andi
Triple Stumper
    $500 13
Virgo

Andi
    $500 27
appendix

Patrick
    $500 26
(Andi: Uh, what is highness?)

sire

PatrickAndi
    $100 30
(Patrick: [*]. What is [*]?)

Pearl Harbor

Patrick
    $500 22
17

Andi

Scores at the first commercial break (after clue 15):

Patrick Andi Phoebe
-$500 $1,600 $1,300

Scores at the end of the Jeopardy! Round:

Patrick Andi Phoebe
$1,200 $2,800 $2,300

Double Jeopardy! Round responses

RONALD REAGAN
HEALTH & MEDICINE
SHAKESPEARE
AMERICANA
ALGEBRA
POTPOURRI
    $200 10
Gorbachev

Patrick
    $200 15
malaria

Phoebe
    $200 2
(Phoebe: Who is uh, Lord Macduff?)

Macbeth

AndiPhoebe
    $200 17
donuts

Patrick
    $200 1
0

Phoebe
    $200 20
Luke Perry

Phoebe
    $400 11
Star Wars (Strategic Defense Initiative

Andi
    $400 16
warts

Andi
    $400 3
Cleopatra

Patrick
    $400 19
Alabama

Andi
    $400 4
variable

Patrick
    $400 30
Dan Rather

Patrick
    $600 12
Governor of California

Patrick
    $600 21
(Andi: What are kidney stones?)

gallstones

AndiPhoebe
    $600 6
Juliet

Andi
    $600 23
flowers

Phoebe
    $600 5
8 & 7

Andi
    $600 27
(Patrick: What is a fisherman?)
(Andi: What is a milkman?)

garbage man

PatrickAndi
Triple Stumper
    $1,000 13
Mondale

Patrick
    $800 22
pancreas

Andi
    $800 7
The Tempest

Patrick
    $800 25
Richmond (Virginia)

Phoebe
    $800 18
binomial

Andi
    $800 28
ice cream

Phoebe
    $1000 14
Illinois

Andi
    $1000 24
trichinosis

Phoebe
    $1,000 9
(Andi: Uh...Who is...Othello?)

Richard III

Andi
    $1000 26
Louisiana

Triple Stumper
    $1000 8
(Patrick: What is addition & subtraction?)

addition & multiplication

PatrickAndi
    $1000 29
Tipper Gore

Phoebe

Scores at the end of the Double Jeopardy! Round:

Patrick Andi Phoebe
$3,600 $6,800 $7,500

Final Jeopardy! Round responses

U.S. GOVERNMENT
PatrickWhat is the Treasury Dept.
$3,598
AndiWhat is the Dept. of War?
$6,800
PhoebeWhat is the Dept of State
$6,000
Department of State

Final scores:

Patrick Andi Phoebe
$2 $0 $13,500
2nd place: $1,000 if eliminated 3rd place: $1,000 if eliminated Automatic semifinalist

Game dynamics:

Coryat scores:

Patrick Andi Phoebe
$3,800 $7,800 $7,500
15 R
(including 2 DDs),
5 W
23 R,
5 W
(including 1 DD)
18 R,
1 W

Combined Coryat: $19,100

[game] [game scores] [suggest correction]

Game tape date: Unknown
The J! Archive is created by fans, for fans. Scraping, republication, monetization, and malicious use prohibited; this site may use cookies and collect identifying information. See terms. The Jeopardy! game show and all elements thereof, including but not limited to copyright and trademark thereto, are the property of Jeopardy Productions, Inc. and are protected under law. This website is not affiliated with, sponsored by, or operated by Jeopardy Productions, Inc. Join the discussion at JBoard.tv.